| 000 | 00575nam a2200217Ia 4500 | ||
|---|---|---|---|
| 005 | 20250508162701.0 | ||
| 008 | 008 250505s9999 xx 000 0 eng d | ||
| 020 | _a81-7003-094-3 | ||
| 037 | _aTextual | ||
| 040 |
_aFEDL _beng _cFEDL |
||
| 041 |
_aeng _2eng |
||
| 084 |
_a111.85, RAM _qFEDL |
||
| 100 | _aRamesh G | ||
| 245 | 0 | _aAesthetics and education | |
| 260 |
_aNew Delhi, India _bSouth Asian Publishers _c1988 |
||
| 300 | _avi,188p. | ||
| 365 |
_aINR _b100 |
||
| 650 | _aPhilosophy | ||
| 942 |
_cTEXL _h111.85, RAM |
||
| 999 |
_c1378044 _d1378044 |
||